1 numer - 1 stolica - Statystyki

Ogólne statystyki
  • Ten quiz został rozwiązany 54 razy
  • Średni wynik to 2 z 15
Statystyki odpowiedzi
Numer ... Stolica % Poprawnych
2 Papieży na km kw. Watykan
100%
21 710 000 Mieszkańców Pekin
21%
24 Litery Sri Dźajawardanapura Kotte
15%
1 Mur dzielący stolicę na dwie części Nikozja
12%
576 Wieżowców Tokio
10%
70 Miliarderów Moskwa
8%
3,640 Wysokości La Paz
6%
-28 Wysokości Baku
4%
25 947 800 Międzynarodowych turystów Bangkok
4%
183 Ambasad Bruksela
4%
271 Mieszkańców Ngerulmud
4%
3,862 Morderstw (w jednym roku) Caracas
2%
1617 PKB (w mld dolarów) Tokio
2%
46 178 Gęstości zaludnienia Manila
0%
16 808 Powierzchni Pekin
0%
Nie znaleziono quizów pasujących do podanych kryteriów
Rozkład punktacji
Procent ludzi z każdym wynikiem
Percentyl według liczby udzielonych odpowiedzi
Twoja historia wyników
Nie rozwiązałeś tego quizu